LEADER 01127nam a2200229 u 4500 001 000000109769 003 CaOOAMICUS 005 20080214141158.0 008 080214s2008 it u000 u ita u 040 $aPUL$bita$dMCT 245 00$aCommento al Codice di procedura penale /$ca cura di piermaria Corso ; con la collaborazione di Manfredi Bontempelli ; coordinatori Manfredi Bontempelli ... [et al.] ; autori Rossano Adorno ... [et al.] ; redazione Michele Bonetti ... [et al.]. 260 $aPiacenza :$bLa Tribuna,$c2008. 300 $aXXIX, 3518 p. ;$c25 cm. 490 1 $aTribuna Major 650 4$aProcedura penale$zItalia.$0(OLS)http://pul/subject/12686 700 1 $aCorso, Piermaria.$0(OLS)http://pul/name/35334 830 0$aTribuna Major.$0(OLS)http://pul/title/104665 850 $aPUL 852 $aPUL$W1$xSL Diritto e Scienze Sociali 3$y79$m348. 45 COD 3.3.4$j125632$qDDC 21$B124358$CPULBib$Z2$F124358 $H106283 $82 941 1 $a9 996 $6245$aCommento al Codice di procedura penale$9(OLS)http://pul/title/95493 996 $6260$aPiacenza :$bLa Tribuna$9(OLS)http://pul/publisher/69734 LEADER 01425nam a2200337 u 4500 001 000000041745 003 CaOOAMICUS 005 20070226114240.0 008 990210s1970 it u000 u ita u 035 $a10813807 040 $aIAR$bita 041 1 $aita$hdut 100 1 $aSchoonenberg, Piet,$cS.I.,$d1911-1999.$0(OLS)http://pul/name/11860 240 10$aMacht der zonde.$lItaliano.$0(OLS)http://pul/title/56336 245 13$aLa potenza del peccato /$cPiet Schoonenberg ; editoriale di Zoltán Alszeghy ; traduzione di Mario Sassatelli. 260 $aBrescia :$bQueriniana,$c1971. 300 $a322 p. ;$c20 cm 490 1 $aGiornale di teologia ;$v40 500 $aIn appendice il saggio "Alcune osservazioni circa il dibattito in corso sul peccato originale." 504 $aBibliografia a pič pagina. 650 4$aPeccato originale.$0(OLS)http://pul/subject/1571 700 1 $aAlszeghy, Zoltán,$cS.I.,$d1915-1991.$0(OLS)http://pul/name/11815 700 1 $aSassatelli, Mario.$0(OLS)http://pul/name/30697 830 0$aGiornale di teologia ;$v40.$0(OLS)http://pul/title/9027 850 $aPUL 852 $aPUL$W1$xSL Religione 3$y85$m200 GDT 1.40$j56510$nBK-PRI$qDDC 21$B56510$CPULBib$Z2$F56510 $82 941 1 $a9 961 $aINV: 31938 983 0$aGdT. 996 $6245$aLa potenza del peccato$9(OLS)http://pul/title/56337 996 $6260$aBrescia :$bQueriniana$9(OLS)http://pul/publisher/47906